000 00294nam a2200145Ia 4500
100 _aWolf/Wayne
942 _cBK
654 _aVLSI Design
245 _aModern VLSI Design
260 _bPrentice Hall
_c2000
082 _a621.395
_bWOL
300 _a560
546 _aENGLISH
999 _c24730
_d24730